Statistics for English words in French

Click here to take the quiz!

General Stats

  • This quiz has been taken 84 times
    (62 since last reset)
  • The average score is 20 of 26

Answer Stats

HintAnswer% Correct
Hello and/or Good Morningbonjour
98%
Thank youmerci
89%
Nonon
89%
Yesoui
89%
Catchat
85%
Girlfille
85%
Dogchien
83%
Womanfemme
83%
Boygarcon
83%
Manhomme
81%
Hellosalut
81%
Pleasesil vous plait
79%
Goodbyeau revoir
77%
To haveavoir
77%
Streetrue
77%
To beetre
75%
To eatmanger
75%
To drinkboire
74%
To sleepdormir
74%
Kingroi
74%
To talk/speakparler
72%
To dofaire
68%
To tellDire
66%
Firefeu
66%
To passpasser
66%
To watchregarder
64%

Score Distribution

Percentile by Number Answered

Percent of People with Each Score

Your Score History

You have not taken this quiz since the last reset